Intikhab-i kalam Miraji / (Record no. 332183)
[ view plain ]
| 000 -LEADER | |
|---|---|
| fixed length control field | 00983cam a22003137a 4500 |
| 001 - CONTROL NUMBER | |
| control field | 15490051 |
| 003 - CONTROL NUMBER IDENTIFIER | |
| control field | NUST |
| 005 - DATE AND TIME OF LATEST TRANSACTION | |
| control field | 20171117094334.0 |
| 008 - FIXED-LENGTH DATA ELEMENTS--GENERAL INFORMATION | |
| fixed length control field | 081020s2008 pk 000 0 urd |
| 010 ## - LIBRARY OF CONGRESS CONTROL NUMBER | |
| LC control number | 2008344608 |
| 020 ## - INTERNATIONAL STANDARD BOOK NUMBER | |
| International Standard Book Number | 9780195476088 |
| 025 ## - OVERSEAS ACQUISITION NUMBER | |
| Overseas acquisition number | P-U-2008344608; 10; 11 |
| 040 ## - CATALOGING SOURCE | |
| Original cataloging agency | DLC |
| Transcribing agency | DLC |
| 042 ## - AUTHENTICATION CODE | |
| Authentication code | lcode |
| 050 00 - LIBRARY OF CONGRESS CALL NUMBER | |
| Classification number | MLCSA 2008/01074 (P) |
| 082 ## - DEWEY DECIMAL CLASSIFICATION NUMBER | |
| Classification number | 891.439 MIR |
| 100 0# - MAIN ENTRY--PERSONAL NAME | |
| Personal name | Miraji, |
| Dates associated with a name | 1912-1949. |
| 9 (RLIN) | 6478 |
| 240 10 - UNIFORM TITLE | |
| Uniform title | Works. |
| Form subheading | Selections. |
| Date of a work | 2008. |
| 245 10 - TITLE STATEMENT | |
| Title | Intikhab-i kalam Miraji / |
| Statement of responsibility, etc. | tartib va taʻaruf, Aṣif Farruk̲h̲i. |
| 246 30 - VARYING FORM OF TITLE | |
| Title proper/short title | Mīrājī |
| 250 ## - EDITION STATEMENT | |
| Edition statement | 1 ishāʻat. |
| 260 ## - PUBLICATION, DISTRIBUTION, ETC. | |
| Place of publication, distribution, etc. | Karachi : |
| Name of publisher, distributor, etc. | Auksfarḍ Yunivarsiṭī Pres, |
| Date of publication, distribution, etc. | 2008. |
| 300 ## - PHYSICAL DESCRIPTION | |
| Extent | 64 p. ; |
| Dimensions | 18 cm. |
| 490 0# - SERIES STATEMENT | |
| Series statement | Urdu virs̲ah |
| 500 ## - GENERAL NOTE | |
| General note | Poems. |
| 501 ## - WITH NOTE | |
| With note | P.B |
| 546 ## - LANGUAGE NOTE | |
| Language note | In Urdu. |
| 700 1# - ADDED ENTRY--PERSONAL NAME | |
| Personal name | Farruk̲h̲ī, Āṣif, |
| Dates associated with a name | 1959- |
| 9 (RLIN) | 6479 |
| 906 ## - LOCAL DATA ELEMENT F, LDF (RLIN) | |
| a | 7 |
| b | cbc |
| c | origode |
| d | 4 |
| e | ncip |
| f | 20 |
| g | y-gencatlg |
| 942 ## - ADDED ENTRY ELEMENTS (KOHA) | |
| Source of classification or shelving scheme | |
| Koha item type | Book |
| Call number prefix | IESE |
| Withdrawn status | Lost status | Source of classification or shelving scheme | Damaged status | Not for loan | Collection code | Permanent Location | Current Location | Shelving location | Date acquired | Total Checkouts | Full call number | Barcode | Date last seen | Price effective from | Koha item type |
|---|---|---|---|---|---|---|---|---|---|---|---|---|---|---|---|
| Institute of Environmental Science and Engineering (IESE) | Institute of Environmental Science and Engineering (IESE) | General Stacks | 11/17/2017 | 891.439 MIR | IESE-1897 | 11/17/2017 | 11/17/2017 | Book |
